菲律宾所有官方城市(城市点位地图版) - Statistics

General Stats
  • This quiz has been taken 5 times
  • The average score is 5 of 149
Answers on the Map
Answers color-coded by a green-red scale on the quiz's map according to % correct below.
 
Answer Stats
大区 城市 % Correct
国家首都大区 马尼拉
100%
中米沙鄢大区 宿务
100%
达沃大区 达沃
100%
国家首都大区 奎松
67%
甲拉巴松大区 八打雁
67%
科迪勒拉行政区 碧瑶
33%
卡加延河谷大区 圣地亚哥
33%
三宝颜半岛大区 三宝颜
33%
国家首都大区 卡卢坎
0%
国家首都大区 达义
0%
国家首都大区 帕西格
0%
国家首都大区 瓦伦苏埃拉
0%
国家首都大区 帕拉纳克
0%
国家首都大区 拉斯皮纳斯
0%
国家首都大区 蒙廷卢帕
0%
国家首都大区 马里基纳
0%
国家首都大区 帕赛
0%
国家首都大区 曼达卢永
0%
国家首都大区 马拉邦
0%
国家首都大区 马卡蒂
0%
国家首都大区 纳沃塔斯
0%
国家首都大区 圣胡安
0%
科迪勒拉行政区 塔布克
0%
伊罗戈斯大区 | 内格罗斯岛大区 圣卡洛斯
0%
伊罗戈斯大区 达古潘
0%
伊罗戈斯大区 乌达内塔
0%
中央吕宋大区 | 伊罗戈斯大区 圣费尔南多
0%
伊罗戈斯大区 拉瓦格
0%
伊罗戈斯大区 阿拉米诺斯
0%
伊罗戈斯大区 坎登
0%
伊罗戈斯大区 巴塔克
0%
伊罗戈斯大区 维甘
0%
卡加延河谷大区 图格加劳
0%
卡加延河谷大区 伊拉甘
0%
卡加延河谷大区 考亚扬
0%
中央吕宋大区 圣何塞德尔蒙特
0%
中央吕宋大区 安赫莱斯
0%
中央吕宋大区 塔拉克
0%
中央吕宋大区 甲万那端
0%
中央吕宋大区 马巴拉卡特
0%
中央吕宋大区 马洛洛斯
0%
中央吕宋大区 奥隆阿波
0%
中央吕宋大区 梅科阿扬
0%
中央吕宋大区 巴里瓦格
0%
中央吕宋大区 圣何塞
0%
中央吕宋大区 加潘
0%
中央吕宋大区 巴朗加
0%
中央吕宋大区 穆尼奥斯
0%
中央吕宋大区 帕拉扬
0%
甲拉巴松大区 安蒂波洛
0%
甲拉巴松大区 达斯马里纳斯
0%
甲拉巴松大区 巴库尔
0%
甲拉巴松大区 卡兰巴
0%
甲拉巴松大区 伊姆斯
0%
甲拉巴松大区 特里亚斯将军
0%
甲拉巴松大区 圣罗莎
0%
甲拉巴松大区 比南
0%
甲拉巴松大区 利巴
0%
甲拉巴松大区 卡布尧
0%
甲拉巴松大区 圣佩德罗
0%
甲拉巴松大区 圣巴勃罗
0%
甲拉巴松大区 卢塞纳
0%
甲拉巴松大区 圣托马斯
0%
甲拉巴松大区 屈斯马泰尔
0%
甲拉巴松大区 塔纳万
0%
甲拉巴松大区 塔亚巴斯
0%
甲拉巴松大区 卡莫纳
0%
甲拉巴松大区 甲米地
0%
甲拉巴松大区 卡拉卡
0%
甲拉巴松大区 塔加伊塔
0%
西南他加禄地区 普林塞萨港
0%
西南他加禄地区 卡拉潘
0%
比科尔地区 黎牙实比
0%
中米沙鄢大区 | 比科尔地区 那牙
0%
比科尔地区 索索贡
0%
比科尔地区 烟草业
0%
比科尔地区 利加奥
0%
比科尔地区 伊里加
0%
比科尔地区 马斯巴特
0%
西米沙鄢大区 伊洛伊洛
0%
西米沙鄢大区 罗哈斯
0%
西米沙鄢大区 帕西
0%
内格罗斯岛大区 巴科洛德
0%
内格罗斯岛大区 卡班卡兰
0%
内格罗斯岛大区 巴戈
0%
内格罗斯岛大区 加的斯
0%
内格罗斯岛大区 萨盖
0%
内格罗斯岛大区 杜马格特
0%
内格罗斯岛大区 西莱
0%
内格罗斯岛大区 巴亚万
0%
内格罗斯岛大区 希马马兰
0%
中米沙鄢大区 | 内格罗斯岛大区 塔利萨伊
0%
内格罗斯岛大区 吉胡尔南甘
0%
内格罗斯岛大区 埃斯卡兰特
0%
内格罗斯岛大区 维多利亚
0%
内格罗斯岛大区 拜斯
0%
内格罗斯岛大区 坦贾伊
0%
内格罗斯岛大区 西帕莱
0%
内格罗斯岛大区 拉卡洛塔
0%
内格罗斯岛大区 坎劳恩
0%
中米沙鄢大区 拉普拉普
0%
中米沙鄢大区 曼达维
0%
中米沙鄢大区 托莱多
0%
中米沙鄢大区 达瑙
0%
中米沙鄢大区 卡尔卡尔
0%
中米沙鄢大区 塔比拉兰
0%
中米沙鄢大区 博戈
0%
东米沙鄢大区 塔克洛班
0%
东米沙鄢大区 奥尔莫克
0%
东米沙鄢大区 卡尔巴约格
0%
东米沙鄢大区 拜拜
0%
东米沙鄢大区 卡特巴洛根
0%
东米沙鄢大区 马辛
0%
东米沙鄢大区 博龙岸
0%
三宝颜半岛大区 帕加迪安
0%
三宝颜半岛大区 迪波洛格
0%
三宝颜半岛大区 伊莎贝拉
0%
三宝颜半岛大区 达皮坦
0%
北棉兰老大区 卡加延德奥罗
0%
北棉兰老大区 伊利甘
0%
北棉兰老大区 瓦伦西亚
0%
北棉兰老大区 马利巴莱
0%
北棉兰老大区 奥扎米兹
0%
北棉兰老大区 欣奥奥格
0%
北棉兰老大区 奥罗基塔
0%
北棉兰老大区 坦古
0%
北棉兰老大区 萨尔瓦多
0%
达沃大区 塔古姆
0%
达沃大区 帕纳博
0%
达沃大区 迪戈斯
0%
达沃大区 马蒂
0%
达沃大区 萨马尔
0%
南哥苏库萨将大区 桑托斯将军
0%
南哥苏库萨将大区 科罗纳达尔
0%
南哥苏库萨将大区 基达帕万
0%
南哥苏库萨将大区 塔库龙
0%
卡拉加大区 武端
0%
卡拉加大区 苏里高
0%
卡拉加大区 拜乌干
0%
卡拉加大区 比斯利格
0%
卡拉加大区 卡巴德巴兰
0%
卡拉加大区 坦达格
0%
邦萨摩洛棉兰老穆斯林自治区 哥打巴托
0%
邦萨摩洛棉兰老穆斯林自治区 马拉维
0%
邦萨摩洛棉兰老穆斯林自治区 拉米坦
0%
No matching quizzes found
Score Distribution
Percent of People with Each Score
Percentile by Number Answered
Your Score History
You have not taken this quiz